000 00561nam a2200193Ia 4500
005 20260114185717.0
008 008 260114s9999 xx 000 0 eng d
020 _a9781350362871
037 _aEBOOK
040 _aCRL
_beng
_cCRL
041 _aeng
_2eng
084 _qCRL
100 _aMichael Mullett
_9873437
245 0 _aCatholics in Britain and Ireland, 1558?1829
260 _bBloomsbury
_c1998
856 _uhttps://doi.org/10.5040/9781350362871?locatt=label:secondary_bloomsburyCollections
942 _cEBOOK
999 _c1472385
_d1472385